El Ingenioso Hidalgo Don Quijote de la Mancha (Record no. 2278)

MARC details
000 -CABECERA
campo de control de longitud fija 02448nam a2200313 a 4500
001 - NÚMERO DE CONTROL
campo de control BRCA_2537
005 - FECHA Y HORA DE LA ÚLTIMA TRANSACCIÓN
campo de control 20190320203845.0
008 - DATOS DE LONGITUD FIJA--INFORMACIÓN GENERAL
campo de control de longitud fija 261108s1863----sp-#---###---#000-0#spa-u
041 ## - CÓDIGO DE LENGUA
Código de lengua del texto/banda sonora o título independiente spa
044 ## - CÓDIGO DEL PAÍS DE LA ENTIDAD EDITORA/PRODUCTORA
Código MARC del país sp
084 ## - OTRO NÚMERO DE CLASIFICACIÓN
Número de clasificación 153
Número de documento/Ítem .R58
-- 1863
100 1# - ENTRADA PRINCIPAL--NOMBRE DE PERSONA
Nombre de persona Cervantes Saavedra, Miguel de
Fechas asociadas al nombre 1547-1616
9 (RLIN) 213
245 10 - MENCIÓN DE TÍTULO
Título El Ingenioso Hidalgo Don Quijote de la Mancha
Mención de responsabilidad, etc. compuesto por Miguel de Cervantes Saavedra.
260 ## - PUBLICACIÓN, DISTRIBUCIÓN, ETC.
Lugar de publicación, distribución, etc. Argamasilla de Alba (España)
Nombre del editor, distribuidor, etc. Manuel Rivadeneyra
Fecha de publicación, distribución, etc. 1863
300 ## - DESCRIPCIÓN FÍSICA
Extensión 4 v.
Dimensiones 14 cm.
Material acompañante/anejo 1 carta plegable facsímil de Cervantes
500 ## - NOTA GENERAL
Nota general Contenido : v 1. Primera parte. Retrato de Cervantes. Advertencia del editor. Prólogo y diario de los viajes de Don Quijote por Hartzenbusch. Dedicatoria del autor. Prólogo del autor. Versos preliminares. Notas. Texto. -- v 2. Texto. Notas. -- v 3. Segunda parte. Dedicatoria del autor. Prólogo del autor. Notas. Texto. -- v 4. Texto. Notas. Apéndices
500 ## - NOTA GENERAL
Nota general Edición : Corregida con especial estudio de la primera
500 ## - NOTA GENERAL
Nota general Son conocidas de todos los cervantistas las numerosas enmiendas, correcciones y notas de Hartzenbusch, que revelan un minucioso estudio del texto del Quijote, al par que extensa cultura literaria. Pero, su excesivo afán de intrpducir variantes para corregir pasajes que creía oscuros, lo condujeron a modificar el texto hasta tal punto, que en algunos capítulos no lo conocería su mismo autor. Con todo, supo distinguir la segunda edición de Cuesta de la primera, y enmendó acertadamente muchos pasajes dudosos, como el del robo del rucio, a pesar de que la mayoría de los demás procedió equivocada y arbitrariamente. En los apéndices publicó la famosa Epístola de Cervantes a Mateo Vázquez. Digna de alabanza es la imprtesión, hecha con hermosos tipos y excelente papel. Bonito ejemplar. Semipiel; lomeras decoradas con florones y filetes dorados Lúdovik Osterc
500 ## - NOTA GENERAL
Nota general Estado físico : Incluye dedicatoria a la Excma. Doña Josefa Marín de Pérez Seonne. Condesa Viuda de Velle
500 ## - NOTA GENERAL
Nota general QM138
650 14 - PUNTO DE ACCESO ADICIONAL DE MATERIA--TÉRMINO DE MATERIA
Término de materia o nombre geográfico como elemento de entrada Novela española
Subdivisión cronológica Época clásica, 1500-1700
9 (RLIN) 215
650 14 - PUNTO DE ACCESO ADICIONAL DE MATERIA--TÉRMINO DE MATERIA
Término de materia o nombre geográfico como elemento de entrada Literatura española
Subdivisión cronológica Época clásica, 1500-1700
9 (RLIN) 216
650 14 - PUNTO DE ACCESO ADICIONAL DE MATERIA--TÉRMINO DE MATERIA
Término de materia o nombre geográfico como elemento de entrada Novela española
Subdivisión cronológica Siglo XVII
9 (RLIN) 217
650 14 - PUNTO DE ACCESO ADICIONAL DE MATERIA--TÉRMINO DE MATERIA
Término de materia o nombre geográfico como elemento de entrada Don Quijote (Personaje ficticio)
Término indicativo de función/relación Novela
9 (RLIN) 218
700 1# - PUNTO DE ACCESO ADICIONAL--NOMBRE DE PERSONA
Nombre de persona Hartzenbusch, Juan Eugenio
Fechas asociadas al nombre 1806-1880
Término indicativo de función/relación Anotador
9 (RLIN) 7278
740 0# - PUNTO DE ACCESO ADICIONAL--TÍTULO RELACIONADO O ANALÍTICO NO CONTROLADO
Título relacionado o analítico no controlado El Ingenioso Hidalgo Don Quijote de la Mancha
902 ## - CATALOGADOR
Iniciales QFM
942 ## - ELEMENTOS DE PUNTO DE ACCESO ADICIONAL (KOHA)
Fuente del sistema de clasificación o colocación Library of Congress Classification
Tipo de ítem Koha Libros
Holdings
Estado de retiro Estado de pérdida Estado dañado No para préstamo Localización permanente Ubicación/localización actual Fecha de adquisición Número de inventario Total de préstamos Signatura topográfica completa Código de barras Fecha visto por última vez Precio válido a partir de Tipo de ítem Koha
El ejemplar forma parte de la colección y puede ser consultado según las políticas vigentes.       Biblioteca del Museo Franz Mayer (Rogerio Casas-Alatriste) Biblioteca del Museo Franz Mayer (Rogerio Casas-Alatriste) 26/11/2008 QM138   153 .R58 1863 (QM138) 2534 22/03/2019 22/03/2019 Libros